[Event "Petr Izmailov Mem"]
[Site "Tomsk RUS"]
[Date "2009.07.01"]
[Round "8"]
[White "Romanov,E"]
[Black "Tilicheev,V"]
[Result "1-0"]
[WhiteElo "2589"]
[BlackElo "2309"]

1.Nf3 d5 2.g3 c6 3.Bg2 Nf6 4.c4 Bf5 5.cxd5 cxd5 6.Qb3 Qc8 7.Nc3 e6 8.O-O Be7
9.d3 O-O 10.Bf4 Nc6 11.Rac1 Qd7 12.Ne5 Nxe5 13.Bxe5 Bg6 14.h3 Ne8 15.e4 f6
16.Bf4 d4 17.Na4 Kh8 18.e5 Bxd3 19.Qxd3 Qxa4 20.Bxb7 Rd8 21.a3 fxe5 22.Bxe5 Qa5
23.Bf4 e5 24.Bd2 Qb6 25.Be4 Qxb2 26.Ba5 Rd6 27.Bb4 Qa2 28.Bxd6 Nxd6 29.Bxh7 Qd5
30.Rfe1 Bg5 31.Rcd1 Qf7 32.Re2 Qh5 33.Bg6 Qxh3 34.Rxe5 Qh6 35.f4 Bxf4 36.Rh5 Be3+
37.Kh2  1-0

[Event "ZMD Open"]
[Site "Dresden GER"]
[Date "2009.07.02"]
[Round "9"]
[White "Nohr,J"]
[Black "Wendling,F"]
[Result "1/2-1/2"]
[WhiteElo "2066"]
[BlackElo "1850"]

1.Nf3 d5 2.g3 Nf6 3.Bg2 e6 4.d3 c5 5.O-O Nc6 6.Nbd2 Be7 7.e4 O-O 8.c3 dxe4
9.Nxe4 Nxe4 10.dxe4 Qc7 11.Be3 e5 12.Nd2 Be6 13.Qe2 b5 14.f4 f6 15.f5 Bf7
16.Qf2 Na5 17.b3 Rfd8 18.g4 Rd3 19.Rac1 c4 20.b4 Nb7  1/2-1/2

[Event "5th Open"]
[Site "Sort ESP"]
[Date "2009.07.02"]
[Round "9"]
[White "Movsziszian,K"]
[Black "Burmakin,V"]
[Result "1-0"]
[WhiteElo "2556"]
[BlackElo "2605"]

1.Nf3 d5 2.g3 c6 3.Bg2 Bf5 4.O-O e6 5.d3 Nf6 6.Qe1 Nbd7 7.Nc3 Bb4 8.Bd2 O-O
9.Nxd5 Bxd2 10.Nxf6+ Qxf6 11.Qxd2 Qxb2 12.Rab1 Qxa2 13.Rxb7 Nb6 14.Nd4 c5
15.Nxf5 exf5 16.Qc3 Qe6 17.Ra1 Rfc8 18.Qb3 Rab8 19.Qxe6 fxe6 20.Raxa7 Rxb7
21.Rxb7 Nd5 22.Bxd5 exd5 23.Kg2 d4 24.h4 Re8 25.Kf3 g6 26.Rc7 Re5 27.e4 dxe3
28.fxe3 Rd5 29.Ke2 h6 30.c4 Re5 31.Kf3 g5 32.hxg5 hxg5 33.Rd7  1-0

[Event "35th ch-BAN"]
[Site "Dhaka BAN"]
[Date "2009.07.03"]
[Round "5"]
[White "Reefat,S"]
[Black "Ahmed,Mah"]
[Result "1-0"]
[WhiteElo "2486"]
[BlackElo "2220"]

1.Nf3 d5 2.g3 c6 3.Bg2 Nf6 4.d3 g6 5.Nbd2 Bg7 6.O-O O-O 7.e4 dxe4 8.dxe4 Qc7
9.Qe2 e5 10.Nc4 Nbd7 11.a4 Re8 12.b3 Nb6 13.Ncd2 Bg4 14.Bb2 Nbd7 15.Rfe1 Nf8
16.Qe3 N6d7 17.Nh4 Be6 18.Reb1 c5 19.Rc1 Rad8 20.Bf1 Nb8 21.Nc4 b6 22.c3 Nc6
23.Nf3 h6 24.Qe1 Nh7 25.Ne3 Na5 26.Ra3 Nxb3 27.Rxb3 Bxb3 28.Bb5 Rf8 29.c4 Qb7
30.Nd5 a6 31.Bc6 Qb8 32.Rc3 b5 33.Rxb3 b4 34.Ne7+ Kh8 35.Bd5 Qc7 36.Nc6 Rde8
37.Qa1 Ng5 38.Nxg5 hxg5 39.f4 f6 40.g4 gxf4  1-0

[Event "XXXII Open"]
[Site "Barbera ESP"]
[Date "2009.07.04"]
[Round "1"]
[White "Guramishvili,S"]
[Black "Bardera Gil,S"]
[Result "1/2-1/2"]
[WhiteElo "2339"]
[BlackElo "2033"]

1.Nf3 d5 2.g3 Nf6 3.Bg2 Bf5 4.O-O e6 5.d3 Be7 6.Nbd2 Bg6 7.Ne5 c5 8.c4 Nc6
9.Qa4 Qc7 10.cxd5 exd5 11.Nxc6 bxc6 12.Nb3 O-O 13.Bf4 Qb6 14.Rac1 Rfe8 15.Be3 Rac8
16.Bh3 Rb8 17.Na5 Qa6 18.Bxc5 Bd8 19.b4 Bxa5 20.bxa5 Rxe2 21.Rfd1 Rbb2 22.Ba3 Rxa2
23.Qb4 h6 24.Qf8+ Kh7 25.Bc5 Qxa5 26.Qd6 Rad2 27.Bb4 Rxd1+ 28.Rxd1 Qa4 29.Rc1 Bxd3
30.Bf1 Ne4 31.Qf8 Rb2 32.Bc3 Nxc3 33.Bxd3+ Ne4 34.Qxf7 Qd4 35.Qf5+ g6 36.Qd7+ Qg7
37.Qxg7+ Kxg7 38.Bxe4 dxe4 39.Rxc6 a5 40.Rc4 Rb4 41.Rc6 Kf7 42.Ra6 Ra4 43.h4 h5
44.Kf1 Ra2 45.Ke1 a4 46.Kd1 a3 47.Kc1 Rxf2 48.Rxa3 Kf6 49.Kd1 Rf3 50.Ra6+ Kf5
51.Ra5+ Kg4 52.Rg5+ Kh3 53.Rxg6 Rxg3 54.Re6 Rg4 55.Re5 Kxh4 56.Ke2 Rg5 57.Rxe4+ Kh3
58.Kf3 h4 59.Kf2 Rg2+ 60.Kf1  1/2-1/2

[Event "35th ch-BAN"]
[Site "Dhaka BAN"]
[Date "2009.07.04"]
[Round "6"]
[White "Bhuiyan,G"]
[Black "Reefat,S"]
[Result "0-1"]
[WhiteElo "2135"]
[BlackElo "2486"]

1.Nf3 d5 2.g3 c6 3.Bg2 Bf5 4.d3 Nf6 5.b3 Nbd7 6.Bb2 h6 7.Nbd2 e6 8.a4 Bb4
9.O-O O-O 10.c3 Be7 11.a5 Qc7 12.Nd4 Bg6 13.Nc2 Rad8 14.b4 e5 15.d4 Ne4 16.Nb3 f5
17.Nc5 Ndxc5 18.bxc5 f4 19.Ne1 Ng5 20.Bc1 fxg3 21.hxg3 e4 22.Be3 Bf5 23.Qd2 a6
24.Nc2 Bc8 25.c4 Qd7 26.Rab1 Qg4 27.Bxg5 Bxg5 28.Ne3 Qh5 29.cxd5 cxd5 30.Rb6 Rf7
31.c6 bxc6 32.Rxc6 Rdf8 33.Rc5 Bg4 34.Rc2 Rb7 35.Re1 Qf7 36.Rf1 Rb3 37.Rb2 Rfb8
38.Rxb3 Rxb3 39.Rc1 Qb7 40.Bf1 Kh7 41.Rc3 Qb4 42.Rc2 Qxd2 43.Rxd2 Rxe3 44.Ra2 Rc3  0-1

[Event "XVII Open"]
[Site "Montcada i Reixac ESP"]
[Date "2009.07.04"]
[Round "9"]
[White "Panchanathan,M"]
[Black "Arun Prasad,S"]
[Result "1/2-1/2"]
[WhiteElo "2462"]
[BlackElo "2552"]

1.Nf3 d5 2.g3 Nf6 3.Bg2 c5 4.O-O Nc6 5.d4 e6 6.c4 dxc4 7.Qa4 Bd7 8.Qxc4 cxd4
9.Nxd4 Rc8 10.Nxc6 Bxc6 11.Bxc6+ Rxc6 12.Qa4 Bc5 13.Nc3 O-O 14.Bg5  1/2-1/2

[Event "II Magistral"]
[Site "Asuncion PAR"]
[Date "2009.07.05"]
[Round "7"]
[White "Bachmann,Ax"]
[Black "Cornejo,M"]
[Result "1-0"]
[WhiteElo "2555"]
[BlackElo "2383"]

1.Nf3 d5 2.g3 c5 3.Bg2 Nc6 4.d4 Nf6 5.O-O e6 6.b3 Be7 7.Bb2 O-O 8.Nbd2 b6
9.dxc5 bxc5 10.c4 Bb7 11.cxd5 exd5 12.Rc1 Qa5 13.a3 Rad8 14.Qc2 h6 15.Rfd1 Qb6
16.e3 Nd7 17.Qf5 Na5 18.Rb1 Nf6 19.Qc2 Bc8 20.Nh4 Qe6 21.b4 Nb7 22.Nhf3 Ne4
23.Nxe4 dxe4 24.Ne5 cxb4 25.axb4 Rxd1+ 26.Rxd1 f5 27.Bf1 Kh7 28.Nc6 Bd6 29.Nxa7 Bd7
30.Qc3 Qg6 31.Ba6 f4 32.exf4  1-0

[Event "37th Greek Teams"]
[Site "Kallithea GRE"]
[Date "2009.07.05"]
[Round "2"]
[White "Miroshnichenko,E"]
[Black "Radulski,J"]
[Result "1/2-1/2"]
[WhiteElo "2696"]
[BlackElo "2539"]

1.Nf3 d5 2.g3 Nf6 3.Bg2 e6 4.O-O Be7 5.d4 O-O 6.c4 Ne4 7.Nc3 Nc6 8.Qc2 f5
9.a3 a5 10.Rd1 Bf6 11.Rb1 Kh8 12.h4 h6 13.b4 axb4 14.axb4 g5 15.hxg5 hxg5
16.b5 Ne7 17.Ne5 Kg7 18.g4 c5 19.Nxe4 fxe4 20.Bb2 Ra2 21.e3 cxd4 22.exd4 Ng6
23.Nxg6 Kxg6 24.Qb3 Ra8 25.Rbc1 Qd6 26.Rc3 Qf4 27.Rg3 Rd8 28.Bc1 Qd6 29.Rh3 Bd7
30.c5 Qc7 31.f3 Ra1 32.Be3 Rxd1+ 33.Qxd1 e5 34.fxe4 exd4 35.exd5 Qe5 36.Qd3+ Kg7
37.Rh7+ Kf8 38.Bf2 Bxg4 39.Rxb7 Ra8 40.Bg3 Qe3+ 41.Qxe3 dxe3 42.d6 Ra1+ 43.Kh2 Ra2
44.Kh1 Ra1+ 45.Kh2 Ra2 46.Kh1 Ra1+ 47.Kh2  1/2-1/2

[Event "37th Greek Teams"]
[Site "Kallithea GRE"]
[Date "2009.07.05"]
[Round "2"]
[White "Sandalakis,A"]
[Black "Skembris,S"]
[Result "0-1"]
[WhiteElo "2350"]
[BlackElo "2452"]

1.Nf3 d5 2.g3 Nf6 3.Bg2 g6 4.O-O Bg7 5.d4 O-O 6.c4 c6 7.Ne5 dxc4 8.Na3 Ng4
9.Naxc4 Nxe5 10.Nxe5 Be6 11.Qa4 Nd7 12.Nxd7 Qxd7 13.Rd1 Rfd8 14.Bf4 Bh3 15.Bh1 Qe6
16.Rd2 Rd7 17.Rad1 Rad8 18.Be3 a6 19.Qa5 h6 20.b3 Kh7 21.d5 cxd5 22.Rxd5 b6
23.Bxb6 Rxd5 24.Bxd5 Rd7 25.Be3 Qf5 26.f3 e6 27.Qxa6 Rxd5 28.Rc1 Bb2 29.Re1 Bc3
30.Rc1 Qc2 31.Kf2 Rd1  0-1

[Event "37th Greek Teams"]
[Site "Kallithea GRE"]
[Date "2009.07.05"]
[Round "2"]
[White "Papadimitriou,A"]
[Black "Filippas,S"]
[Result "1/2-1/2"]
[WhiteElo "2081"]
[BlackElo "2224"]

1.Nf3 d5 2.g3 c6 3.Bg2 Bg4 4.c4 Nf6 5.cxd5 cxd5 6.Ne5 Bf5 7.O-O e6 8.Qb3 Nbd7
9.Nxd7 Qxd7 10.Nc3 Be7 11.d3 Bg6 12.Bf4 O-O 13.e4 d4 14.Ne2 Bc5 15.Bg5 Ng4
16.Rac1 Bb6 17.h3 Ne5 18.f4 f6 19.Bxf6 Nxd3 20.Qxd3 gxf6 21.f5 exf5 22.exf5 Bf7
23.b3 Rae8 24.Kh2 Re3 25.Qd2 Rfe8 26.Nf4 Bc7 27.Rcd1 Bb6 28.Qc2 Rc8 29.Qd2 Rce8
30.Qc2 R8e5 31.Qb1 Qc7 32.Rd3 Rxd3 33.Qxd3 Re3 34.Qd1 Kh8 35.Qg4 d3 36.Ne6 Bxe6
37.fxe6 Qe5 38.h4 Qxe6 39.Qxe6 Rxe6 40.Rd1 Re3 41.Bf1 Bc7 42.Rxd3 Bxg3+ 43.Kh3 Rxd3  1/2-1/2

[Event "37th Greek Teams"]
[Site "Kallithea GRE"]
[Date "2009.07.05"]
[Round "3"]
[White "Malikentzou,N"]
[Black "Spirou,M"]
[Result "0-1"]
[WhiteElo "1568"]
[BlackElo "1791"]

1.Nf3 d5 2.g3 Nf6 3.Bg2 Bf5 4.O-O h6 5.b3 e6 6.Bb2 Nbd7 7.d4 Bd6 8.Nbd2 O-O
9.c4 b6 10.Re1 c5 11.Nh4 Bh7 12.f4 Rc8 13.Nhf3 cxd4 14.Nxd4 Nc5 15.Nb5 Bb8
16.Nc3 d4 17.Nb5 d3 18.b4 dxe2 19.Rxe2 Nd3 20.Bc3 a6 21.Nd4 b5 22.Bb7 Rc7
23.Bxa6 Ba7 24.c5 Nxb4 25.Nxb5 Bxc5+ 26.Kg2 Qa8+ 27.Nf3 Rd7 28.Qa4 Be4 29.Rxe4 Nxe4
30.Bxb4 Bxb4 31.Qxb4 Qxa6 32.Qxe4 Qxb5 33.Rb1 Qa5 34.Qc4 Rc7 35.Qb3 Rfc8
36.Rb2 Rc1 37.a3 Qa6 38.a4 Qf1+  0-1

[Event "37th Greek Teams"]
[Site "Kallithea GRE"]
[Date "2009.07.05"]
[Round "4"]
[White "Managadze,N"]
[Black "Gogolis,A"]
[Result "1-0"]
[WhiteElo "2459"]
[BlackElo "2275"]

1.Nf3 d5 2.g3 c6 3.Bg2 Nf6 4.O-O Bg4 5.d3 Nbd7 6.h3 Bh5 7.Nbd2 e5 8.e4 dxe4
9.dxe4 Bc5 10.c3 a5 11.Qc2 O-O 12.Nc4 Bxf3 13.Bxf3 Qc7 14.Ne3 g6 15.Ng4 Rfe8
16.Nh6+ Kg7 17.h4 Ng8 18.Nxg8 Kxg8 19.h5 Nf8 20.Kg2 Rad8 21.a3 Rd6 22.b4 Bb6
23.hxg6 fxg6 24.Bh6 Red8 25.Rad1 Qf7 26.Rxd6 Rxd6 27.Be2 Rf6 28.f3 g5 29.Bxg5 Rg6
30.Qd2 Qg7 31.Bc4+ Kh8 32.Bh4 Rh6 33.Rh1 Rg6 34.Kf1 h6 35.g4 Ne6 36.Bxe6 Rxe6
37.Bd8 Qf8 38.Bxb6 Qxf3+ 39.Kg1 Qg3+ 40.Qg2 Qe1+ 41.Kh2  1-0

[Event "World Open"]
[Site "Philadelphia USA"]
[Date "2009.07.05"]
[Round "9"]
[White "Ehlvest,J"]
[Black "Najer,E"]
[Result "0-1"]
[WhiteElo "2606"]
[BlackElo "2669"]

1.Nf3 d5 2.g3 Bg4 3.Bg2 c6 4.O-O e6 5.d3 Nf6 6.Nbd2 Be7 7.h3 Bh5 8.e4 O-O
9.Qe1 Na6 10.a3 Nc7 11.Nb3 Nd7 12.Bf4 Re8 13.Rc1 Bf6 14.Rb1 e5 15.Bd2 Ne6
16.Nh2 dxe4 17.dxe4 c5 18.h4 h6 19.c4 Qb6 20.Na1 Nd4 21.f3 Qe6 22.Rf2 Rad8
23.Rc1 Be7 24.Nf1 f5 25.exf5 Qxf5 26.g4 Qf7 27.gxh5 Bxh4 28.Qe4 Qxh5 29.Qg4 Bxf2+
30.Kxf2 Qf7 31.Nc2 Nf6 32.Qh4 Nb3 33.Rd1 e4 34.Nce3 exf3 35.Bxf3 Ne4+ 36.Kg2 Nbxd2
37.Nxd2 Qg6+  0-1

[Event "XXIX Open"]
[Site "Benasque ESP"]
[Date "2009.07.06"]
[Round "5"]
[White "Burmakin,V"]
[Black "Luther,T"]
[Result "1-0"]
[WhiteElo "2627"]
[BlackElo "2552"]

1.Nf3 d5 2.g3 Nf6 3.Bg2 e6 4.O-O Nbd7 5.c4 dxc4 6.Qa4 a6 7.Qxc4 b5 8.Qc2 Bb7
9.a4 c5 10.Ne1 Bxg2 11.Nxg2 Rb8 12.d3 Be7 13.Bf4 e5 14.Bg5 Nd5 15.Bxe7 Qxe7
16.axb5 axb5 17.Qb3 Nb4 18.Nc3 O-O 19.Ne3 Nf6 20.Rfc1 Rfc8 21.Ra5 Qd7 22.Qd1 h5
23.h4 g6 24.Qf1 Kg7 25.Qg2 Qd4 26.Rxb5 Rxb5 27.Nxb5 Qxb2 28.Qf1 Nbd5 29.Nxd5 Qxb5
30.Nxf6 Kxf6 31.Rc2 Kg7 32.Qa1 f6 33.Qa7+ Kh6 34.Kh2 Qc6 35.Qe7 Rc7 36.Qf8+ Kh7
37.Ra2 Qb7 38.Ra4  1-0

[Event "37th Greek Teams"]
[Site "Kallithea GRE"]
[Date "2009.07.06"]
[Round "6"]
[White "Papadimitriou,A"]
[Black "Makropoulos,I"]
[Result "1-0"]
[WhiteElo "2081"]
[BlackElo "1860"]

1.Nf3 d5 2.g3 Bg4 3.Bg2 c6 4.c4 e6 5.O-O Nf6 6.b3 Be7 7.Bb2 O-O 8.d3 Nbd7
9.Nbd2 Re8 10.e4 dxe4 11.dxe4 Nc5 12.e5 Nfe4 13.Nxe4 Qxd1 14.Raxd1 Nxe4 15.h3 Bh5
16.g4 Bg6 17.Nd4 Nc5 18.f4 Rad8 19.Ba1 Bh4 20.b4 Na6 21.b5 cxb5 22.Bxb7 Nc5
23.Bc6 Bd3 24.Bxe8 Bxf1 25.Kxf1 Rxe8 26.Nxb5 a6 27.Nd6 Rb8 28.Bd4 Nd7 29.c5 Nxc5
30.Bxc5 Rb2 31.Ne4 Rxa2 32.Bf2 Be7 33.Rd7 Kf8 34.Ra7 f5 35.gxf5 exf5 36.Bc5 Bxc5
37.Nxc5 g5 38.Ne6+  1-0

[Event "37th Greek Teams"]
[Site "Kallithea GRE"]
[Date "2009.07.07"]
[Round "7"]
[White "Papadopoulos,N"]
[Black "Mastrovasilis,A"]
[Result "0-1"]
[WhiteElo "2107"]
[BlackElo "2503"]

1.Nf3 d5 2.g3 Bg4 3.Bg2 Nd7 4.c4 e6 5.cxd5 exd5 6.O-O Ngf6 7.h3 Bxf3 8.Bxf3 c6
9.d3 Bc5 10.Bg2 O-O 11.Nd2 Re8 12.Nf3 a5 13.a3 a4 14.e3 Bd6 15.Bd2 Nc5 16.Bc3 Nb3
17.Rb1 Nd7 18.e4 dxe4 19.dxe4 Ne5 20.Nd4 Nxd4 21.Qxd4 Qe7 22.Rbd1 Red8 23.Kh1 Bc7
24.Qe3 b5 25.Rfe1 Nc4 26.Qe2 Be5 27.Qc2 Qf6 28.Rxd8+ Rxd8 29.Bxe5 Qxe5 30.Re2 g5
31.Bf1 h6 32.Qc1 Qd4 33.Kg2 Rd6 34.Qc2 Kg7 35.Kg1 Qe5 36.Qc1 Rd4 37.Qc3 Rd1
38.Qxe5+ Nxe5 39.Rc2 Nf3+  0-1

[Event "ch-SWE"]
[Site "Kungsor SWE"]
[Date "2009.07.07"]
[Round "9"]
[White "Cramling,P"]
[Black "Hanninger,S"]
[Result "1/2-1/2"]
[WhiteElo "2528"]
[BlackElo "2167"]

1.Nf3 d5 2.g3 Nf6 3.Bg2 c6 4.d3 Bg4 5.Nbd2 Nbd7 6.h3 Bh5 7.O-O e6 8.Qe1 Bc5
9.e4 dxe4 10.dxe4 e5 11.Nc4 Qc7 12.a4 O-O 13.b4 Be7 14.Bb2 Bxf3 15.Bxf3 Rfe8
16.Qc3 Bf8 17.Rfd1 b5 18.Ne3 Rac8 19.axb5 cxb5 20.Qe1 Nb6 21.Ra5 Nc4 22.Nxc4 Qxc4
23.c3 Qb3 24.Qe2 a6 25.Ra3 Qe6 26.Kg2 Rc4 27.Rda1 Ra8 28.Re1 Qc6 29.Qd3 Ra7
30.Re3 Rd7 31.Qb1 Be7 32.Qe1 Qb7 33.Ra1 Rd6 34.Re2 Qd7 35.Qb1 h6  1/2-1/2

[Event "8th Open"]
[Site "La Fere FRA"]
[Date "2009.07.07"]
[Round "5"]
[White "Ahlers,B"]
[Black "Bannink,B"]
[Result "1/2-1/2"]
[WhiteElo "2136"]
[BlackElo "2277"]

1.Nf3 d5 2.g3 Nf6 3.Bg2 g6 4.O-O Bg7 5.d3 O-O 6.Nbd2 Nc6 7.e4 dxe4 8.dxe4 e5
9.Re1 Be6 10.c3 Qe7 11.Qc2 h6 12.b4 a6 13.a4 Rfd8 14.Ba3 b5 15.Bf1 Rab8 16.axb5 axb5
17.Bb2 Ne8 18.Ra6 Qd7 19.Nb3 Bxb3 20.Qxb3 Nd6 21.Qd5 Ne7 22.Qc5 Qe6 23.Qxc7 Rbc8
24.Qa5 Qg4 25.Bg2  1/2-1/2

[Event "XXXII Open"]
[Site "Barbera ESP"]
[Date "2009.07.08"]
[Round "5"]
[White "Kulkarni,C"]
[Black "Rafols Albet,J"]
[Result "1-0"]
[WhiteElo "2259"]
[BlackElo "2105"]

1.Nf3 d5 2.g3 Bf5 3.Bg2 c6 4.O-O Nd7 5.c4 e6 6.b3 Be7 7.Bb2 Ngf6 8.d4 h6
9.Nc3 O-O 10.Nd2 Bh7 11.Re1 Re8 12.Rc1 Rc8 13.a3 dxc4 14.Nxc4 Nd5 15.Ne4 Bxe4
16.Bxe4 c5 17.dxc5 Nxc5 18.Bf3 b5 19.Ne5 a5 20.Nd3 Nd7 21.Qd2 Qb6 22.Rxc8 Rxc8
23.Bxd5 exd5 24.Nf4 Bc5 25.e3 b4 26.a4 Nf6 27.Rc1 Ne4 28.Qxd5 Nxf2 29.Qf5 Nh3+
30.Kf1 Qa6+ 31.Qd3 Qa8 32.Nxh3 Qh1+ 33.Ng1 Rc6 34.Bd4 Qxh2 35.Rxc5 Rg6 36.Rc8+ Kh7
37.Rc6  1-0

[Event "19th Heart of Finland Open"]
[Site "Jyvaskyla FIN"]
[Date "2009.07.08"]
[Round "3"]
[White "Novik,Ma"]
[Black "Adler,B"]
[Result "1-0"]
[WhiteElo "2470"]
[BlackElo "2221"]

1.Nf3 d5 2.g3 Nf6 3.Bg2 e6 4.O-O Be7 5.d3 O-O 6.Nbd2 c5 7.e4 Nc6 8.Re1 b5
9.e5 Ne8 10.Nf1 f6 11.c4 Nc7 12.Bf4 f5 13.h4 h6 14.h5 Qe8 15.N3d2 Nb4 16.cxd5 Ncxd5
17.Nb3 Rb8 18.a3 Nxf4 19.gxf4 Nxd3 20.Qxd3 c4 21.Qe3 cxb3 22.Qxa7 Bb7 23.Bxb7 Qd7
24.Qa6 Rxb7 25.Red1 Qc8 26.Rd3 Rb8 27.Qxc8 Rfxc8 28.Ne3 b4 29.Rxb3 bxa3 30.Rxb8 Rxb8
31.bxa3 Bc5 32.Kg2 Rb2 33.Kf3 Bd4 34.a4 Kf7 35.a5 Rb4 36.Ra3 Bc5 37.a6 Ba7
38.Rc3 Bxe3 39.Rc7+ Kg8 40.fxe3 Ra4 41.a7 Kh7 42.Ke2  1-0

[Event "37th Greek Teams"]
[Site "Kallithea GRE"]
[Date "2009.07.08"]
[Round "8"]
[White "Malikentzou,N"]
[Black "Haritopoulou,M"]
[Result "1/2-1/2"]
[WhiteElo "1568"]
[BlackElo "1661"]

1.Nf3 d5 2.g3 Nf6 3.Bg2 Bf5 4.O-O e6 5.d4 h6 6.c4 c6 7.Nbd2 Be7 8.b3 O-O
9.Bb2 Nbd7 10.Ne5 Rc8 11.Ndf3 Qc7 12.Rc1 Qa5 13.a4 Nxe5 14.Nxe5 Bb4 15.Nd3 Be7
16.Bc3 Qd8 17.Bb4 Bxb4 18.Nxb4 Qb6 19.Qd2 Ne4 20.Bxe4 Bxe4 21.f3 Bf5 22.c5 Qd8
23.Nd3 Bxd3 24.Qxd3 Qe7 25.f4 Rce8 26.Rce1 Kh8 27.Qf3 Qf6 28.e3 Qg6 29.f5 exf5
30.Qxf5 Qxf5 31.Rxf5 Re4 32.Rf4 Re7 33.Kf2 Rfe8 34.Rf3 Kg8 35.Rf1 f6 36.Ke2 Re4
37.Kd3 Kf7 38.h3 R8e7 39.b4 Re8 40.Kd2 R4e7 41.Kd3 Re6 42.Kd2 R8e7 43.Kd3 Ke8
44.Rb1 Kd8 45.a5 a6 46.Rbf1 Ke8 47.R1f2 Kd7 48.Rf1 Ke8 49.R1f2 Kd7 50.Rf1 Ke8  1/2-1/2

[Event "37th Greek Teams"]
[Site "Kallithea GRE"]
[Date "2009.07.08"]
[Round "8"]
[White "Goumas,G"]
[Black "Skembris,S"]
[Result "0-1"]
[WhiteElo "2315"]
[BlackElo "2452"]

1.Nf3 d5 2.g3 g6 3.Bg2 Bg7 4.O-O e5 5.d3 Nc6 6.e4 dxe4 7.dxe4 Qxd1 8.Rxd1 Bg4
9.c3 Bh6 10.Na3 Bxc1 11.Raxc1 Nf6 12.Nc4 O-O 13.h3 Bxf3 14.Bxf3 Rfd8 15.Kf1 Kf8
16.Ke2 Ke7 17.Ke3 h5 18.b4 a6 19.Be2 h4 20.g4 g5 21.Nd2 Ne8 22.Nb3 Rxd1 23.Rxd1 Rd8
24.Rxd8 Nxd8 25.Nc5 Kd6 26.a4 a5 27.Bc4 Ng7 28.f3 f6 29.Nb3 axb4 30.cxb4 Nge6
31.a5 Nf4 32.Nc5 Kc6 33.Kd2 Nxh3 34.Bd5+ Kb5 35.Nxb7 Nxb7 36.Bc4+ Kxb4 37.a6 Nd6
38.Bf1  0-1

[Event "XXXII Open"]
[Site "Barbera ESP"]
[Date "2009.07.09"]
[Round "6"]
[White "Kulkarni,C"]
[Black "Guramishvili,S"]
[Result "1/2-1/2"]
[WhiteElo "2259"]
[BlackElo "2339"]

1.Nf3 d5 2.g3 Nf6 3.Bg2 e6 4.O-O Be7 5.d4 O-O 6.c4 dxc4 7.Qc2 a6 8.Qxc4 b5
9.Qc2 Bb7 10.Bg5 Nbd7 11.Nbd2 Ra7 12.Nb3 Qa8 13.Nc5 Nxc5 14.dxc5 Be4 15.Qc1 a5
16.a3 a4 17.Qe3 h6 18.Bh4 g5 19.Bxg5 hxg5 20.Qxg5+ Kh8 21.Rfd1 Rg8 22.Qh6+ Nh7
23.Ne5 Rg7 24.Rd7 Bg5 25.Qh5 Bxg2 26.Nxf7+ Kg8 27.Rad1 Bd5 28.e4 Qc8 29.c6 Bxc6
30.Rd8+ Bxd8 31.Rxd8+ Qxd8 32.Nxd8 Bd7 33.Qc5 Ra8 34.Nc6 Ng5 35.Ne5 Be8 36.Qe3 Rd8
37.h4 Nf7 38.Nf3  1/2-1/2

[Event "ch-BEL Expert"]
[Site "Namur BEL"]
[Date "2009.07.10"]
[Round "7"]
[White "Alienkin,A"]
[Black "Hovhanisian,M"]
[Result "0-1"]
[WhiteElo "2402"]
[BlackElo "2471"]

1.Nf3 d5 2.g3 Nf6 3.Bg2 e6 4.d4 Be7 5.c4 O-O 6.Qc2 b6 7.O-O Bb7 8.cxd5 exd5
9.Ne5 c5 10.dxc5 Bxc5 11.Nc3 Qe7 12.Nd3 d4 13.Bxb7 Qxb7 14.Nb5 a6 15.b4 axb5
16.bxc5 Rc8 17.e3 dxe3 18.Bxe3 Nbd7 19.c6 Rxc6 20.Qb3 Rd6 21.Bf4 Rd5 22.Nb4 Rh5
23.Rfe1 Nc5 24.Qd1 Ne6 25.Be3 h6 26.Qe2 Re8 27.Qd1 Rd8 28.Qe2 Rd4 29.Nd3 Rc4
30.Rad1 Ng4 31.h4 Nxe3 32.Qxe3 Rhxh4 33.gxh4 Rg4+ 34.Kf1 Qg2+ 35.Ke2 Re4
36.Kd2 Rxe3 37.Rxe3 Qg4 38.Rc1 Qxh4 39.Ne5 Qxf2+  0-1

[Event "Ch-Paris Int"]
[Site "Coubertin FRA"]
[Date "2009.07.11"]
[Round "8"]
[White "Gomes,Mary"]
[Black "Akshayraj,K"]
[Result "1-0"]
[WhiteElo "2332"]
[BlackElo "2411"]

1.Nf3 d5 2.g3 Nc6 3.c4 d4 4.d3 Nf6 5.Bg2 e6 6.O-O Be7 7.e3 O-O 8.exd4 Nxd4
9.Nxd4 Qxd4 10.Nc3 e5 11.Be3 Qd8 12.d4 Ng4 13.Nd5 Nxe3 14.Nxe7+ Qxe7 15.fxe3 Be6
16.Qc2 Rad8 17.d5 Bc8 18.c5 f5 19.Rad1 Kh8 20.Qc3 e4 21.Qd4 Rf6 22.Rf2 b6
23.b4 bxc5 24.bxc5 Bb7 25.Rb2 Rxd5 26.Qa4 Bc6 27.Qc2 Rxd1+ 28.Qxd1 Rf8 29.Qd4 Rd8
30.Qc3 h6 31.Bh3 Rd5 32.Rf2 Rxc5 33.Qa3 Qd6 34.Bxf5 Bb5 35.Bxe4 a5 36.Qb2 Qe7
37.Qb1 Re5 38.Bg6 Rg5 39.Qe4 Qd6 40.Qa8+  1-0

[Event "61st ch-MNE"]
[Site "Cetinje MNE"]
[Date "2009.07.12"]
[Round "3"]
[White "Drasko,M"]
[Black "Krivokapic,M"]
[Result "1-0"]
[WhiteElo "2527"]
[BlackElo "2416"]

1.Nf3 d5 2.g3 Nf6 3.Bg2 c6 4.O-O Bg4 5.d3 Nbd7 6.Qe1 e5 7.e4 dxe4 8.dxe4 Bc5
9.Nbd2 O-O 10.h3 Bh5 11.a4 Re8 12.Nc4 b5 13.Na5 Qc7 14.Bg5 h6 15.Bd2 Nb6
16.axb5 cxb5 17.Nh4 Bf8 18.g4 Bg6 19.Nxg6 fxg6 20.Qb1 Rad8 21.Rd1 Kh7 22.Be1 Na4
23.Rxd8 Rxd8 24.c4 a6 25.b4 Rd4 26.c5 Ng8 27.Qc2 Ne7 28.Rd1 Qd7 29.Bf3 g5
30.Kf1 Kh8 31.Be2 Ng6 32.Nb3 Rxd1 33.Qxd1 Qxd1 34.Bxd1 Kg8 35.Na5 Kf7 36.Bb3+ Ke7
37.Bd5 Nf4 38.Bb7 Ne6 39.Nc6+ Kf6 40.Bxa6 Nc7 41.Bc8  1-0

[Event "ch-SCO"]
[Site "Edinburgh SCO"]
[Date "2009.07.12"]
[Round "2"]
[White "Montgomery,R"]
[Black "Pearson,W"]
[Result "1/2-1/2"]
[WhiteElo "1944"]
[BlackElo "1722"]

1.Nf3 d5 2.g3 g6 3.Bg2 Bg7 4.c4 Nf6 5.O-O O-O 6.cxd5 Nxd5 7.Nc3 e6 8.d4 a6
9.e3 b5 10.Nxd5 exd5 11.Bd2 c6 12.Rc1 Re8 13.Bc3 Bg4 14.Qd2 Qc8 15.Bb4 Bh3
16.Bxh3 Qxh3 17.Bd6 Qd7 18.Be5 f6 19.Bf4 g5 20.Bxb8 Raxb8 21.Ne1 Bf8 22.Nd3 Re6
23.Nc5 Bxc5 24.Rxc5 Rb6 25.Rfc1 Kg7 26.a3 Qb7 27.Qc3 Kg6 28.Qc2+ Kg7 29.Qc3 Kg6  1/2-1/2

[Event "12th Open"]
[Site "Malaga ESP"]
[Date "2009.07.12"]
[Round "2"]
[White "Paunovic,D"]
[Black "Claros Egea,C"]
[Result "1-0"]
[WhiteElo "2533"]
[BlackElo "2281"]

1.Nf3 d5 2.g3 g6 3.Bg2 Bg7 4.O-O Nf6 5.c4 c6 6.d4 O-O 7.cxd5 Nxd5 8.e4 Nb6
9.h3 Re8 10.Nc3 N8d7 11.a4 e5 12.Bg5 f6 13.Qb3+ Kh8 14.Be3 exd4 15.Bxd4 Ne5
16.Nxe5 fxe5 17.Bc5 Be6 18.Qc2 Nc4 19.Rfd1 Qc8 20.b3 b6 21.bxc4 bxc5 22.a5 Bxh3
23.Na4 Bxg2 24.Kxg2 Bf8 25.Rd3 Rd8 26.Rxd8 Qxd8 27.Nb2 Qc7 28.a6 Rd8 29.Rd1 Rb8
30.Qc3 Bg7 31.Nd3 Rd8 32.Rb1 Qd6 33.Ne1 Bh6 34.Nf3 Bg7 35.Rb7 Qf6 36.Rxa7 Rf8
37.Rb7 g5 38.Rb2 h5 39.a7 Qf7 40.Rb8 Qxa7 41.Rxf8+ Bxf8 42.Qxe5+  1-0

[Event "Diputacion Foral de Gipuzkoa"]
[Site "Donostia ESP"]
[Date "2009.07.13"]
[Round "6"]
[White "Hamdouchi,A"]
[Black "Rozic,V"]
[Result "1/2-1/2"]
[WhiteElo "2324"]
[BlackElo "2239"]

1.Nf3 d5 2.g3 Bg4 3.Bg2 c6 4.b3 Nd7 5.Bb2 Ngf6 6.c4 e6 7.O-O Bd6 8.d3 O-O
9.Nbd2 Qb8 10.a3 a5 11.Rc1 Rc8 12.cxd5 cxd5 13.Rxc8+ Qxc8 14.h3 Bxf3 15.Nxf3 Qf8
16.Qa1 Rc8 17.Nd4 Be7 18.f4 Bc5 19.Kh2 Qd6 20.Rc1 Qb8 21.e4 dxe4 22.dxe4 Bf8
23.e5 Nd5 24.Bxd5 exd5 25.e6 Nf6 26.exf7+ Kxf7 27.Nf3 Kg8 28.Be5 Qa8 29.Qb2 Rxc1
30.Qxc1 Qa6 31.Qd1 Bxa3 32.Bxf6 Qxf6 33.Qxd5+ Qf7 34.Qd3 Be7 35.Ne5 Qe6 36.Qb5 Bf6
37.Qxa5 h6 38.Qa8+ Kh7 39.Qxb7 Qf5 40.Qd5 Qc2+ 41.Kg1 Qc1+ 42.Kg2 Qe1 43.Qd3+ Kg8
44.Nf3 Qa1 45.Qd5+ Kh8 46.h4 Qb2+ 47.Kh3 Qa1 48.h5 Qb1 49.Kg4 Qb2 50.Qa8+ Kh7
51.Qe4+ Kh8 52.b4 Qb3 53.Qe8+ Kh7 54.b5 Qb4 55.Qc6 Qa5 56.Qe4+ Kh8 57.Qf5 Qb6
58.Qc8+ Kh7 59.Qc6 Qa5 60.b6 Qb4 61.b7 Qb1 62.Qc8 g6 63.hxg6+ Qxg6+ 64.Kh3 Qb1
65.Qc7+ Kg6 66.Kg2 Qb5 67.Qc2+ Kg7 68.Qc7+ Kg6 69.Qc2+ Kg7 70.Qe4 Qb2+ 71.Kh3 Qb5
72.f5 h5 73.Kg2 Qb2+ 74.Kf1 Qb5+ 75.Kf2 Qb2+ 76.Ke3 Qc1+ 77.Ke2 Qb2+ 78.Nd2 Bg5
79.Qd5 Bxd2 80.Qd7+ Kf6 81.Qd8+ Kxf5 82.b8=Q Bb4+ 83.Kf1 Qb1+ 84.Ke2 Qe4+
85.Kd1 Qe1+ 86.Kc2 Qc3+ 87.Kd1 Qe1+ 88.Kc2 Qc3+  1/2-1/2

[Event "6th South Wales Int"]
[Site "Treforest WLS"]
[Date "2009.07.13"]
[Round "4"]
[White "Gosling,B"]
[Black "Jain,R"]
[Result "1/2-1/2"]
[WhiteElo "2010"]
[BlackElo "1788"]

1.Nf3 d5 2.g3 Nf6 3.Bg2 c6 4.O-O Bg4 5.c4 Nbd7 6.h3 Bh5 7.b3 e5 8.g4 Bg6
9.Bb2 Bd6 10.cxd5 Nxd5 11.e3 h5 12.Nh2 hxg4 13.Qxg4 Qf6 14.f4 Bh5 15.Qg5 Qxg5
16.fxg5 O-O-O 17.Nc3 Nb4 18.Ne4 Be7 19.Ba3 Rhe8 20.Bxb4 Bxb4 21.a3 Be7 22.b4 Bg6
23.Ng4 Kb8 24.Rad1 Bxe4 25.Bxe4 Bxg5 26.Rxf7 Nf6 27.Nxf6 Bxf6 28.d3 Rh8 29.Bf5 Rd5
30.Be4 Rd6 31.Kg2 a6 32.a4 Rc8 33.Bf5 Rc7 34.Rf8+ Ka7 35.Rc1 Bg5 36.Kf3 g6
37.Be4 Rh7 38.Rh1 Re7 39.Rg8 Rf6+ 40.Kg4 Bxe3 41.Rxg6  1/2-1/2

[Event "ch-SCO"]
[Site "Edinburgh SCO"]
[Date "2009.07.14"]
[Round "4"]
[White "Montgomery,R"]
[Black "Macrae,J"]
[Result "1-0"]
[WhiteElo "1944"]
[BlackElo "1765"]

1.Nf3 d5 2.g3 Nf6 3.Bg2 c6 4.O-O Bg4 5.c4 e6 6.b3 Bd6 7.Bb2 O-O 8.Qc2 Nbd7
9.d3 Re8 10.Nbd2 e5 11.Rfe1 e4 12.dxe4 dxe4 13.Ng5 e3 14.fxe3 Rxe3 15.Nde4 Nxe4
16.Nxe4 Be5 17.Bxe5 Nxe5 18.Rad1 Qe7 19.Qd2 Nxc4 20.bxc4 Rxe4 21.Bxe4 Qxe4
22.Qd8+ Qe8 23.Qxe8+ Rxe8 24.c5 Kf8 25.Kf2 b6 26.Rd6 Rc8 27.Rc1 b5 28.Rc3 a5
29.a3 a4 30.Re3 g6 31.Re4 Bf5 32.Red4 Ke7 33.Kf3 h5 34.Kf4 Bh3 35.Re4+ Kf8
36.Ke5 Re8+ 37.Kd4 Rc8 38.Kc3 Bf5 39.Re5 Bh3  1-0